Project video 1 : video guide /
Introduction. Using video. An introduction to project work. Lesson notes.
Đã lưu trong:
| 主要作者: | |
|---|---|
| 格式: | 图书 |
| 语言: | English |
| 出版: |
Oxford :
Oxford University Press,
1989.
|
| 主题: | |
| 标签: |
添加标签
没有标签, 成为第一个标记此记录!
|
| Thư viện lưu trữ: | Mạng thư viện Đại học Đà Nẵng |
|---|
| LEADER | 01104nam a2200325 a 4500 | ||
|---|---|---|---|
| 001 | 000042025 | ||
| 003 | 7347 | ||
| 005 | 20201030102621.0 | ||
| 008 | 171030s1989 | ||
| 020 | |a 0194584143 | ||
| 040 | |a lnn |c lnn |d lnn | ||
| 041 | 0 | |a eng | |
| 082 | 1 | 4 | |a 428.6 |b HU-T |
| 100 | 1 | |a Hutchinson, Tom. | |
| 245 | 0 | 0 | |a Project video 1 : |b video guide / |c written and presented by Tom Hutchinson. |
| 260 | |a Oxford : |b Oxford University Press, |c 1989. | ||
| 300 | |a 36 p. ; |c 27.5cm. | ||
| 520 | 3 | |a Introduction. Using video. An introduction to project work. Lesson notes. | |
| 630 | 0 | 4 | |a English language. |
| 650 | 0 | 4 | |a English language |x Study and teaching (Elementary) |
| OWN | |a LNN | ||
| 902 | |a TKA | ||
| AVA | |a UDN50 |b LNN |c English |e available |t Error 5001 Not defined in file expand_doc_bib_avail. |f 2 |g 0 |h N |i 0 |j AN | ||
| 999 | |a From the UDN01 | ||
| AVA | |a UDN50 |b LNN |c English |e available |t Error 5001 Not defined in file expand_doc_bib_avail. |f 2 |g 0 |h N |i 0 |j AN | ||
| TYP | |a Monograph | ||
| TYP | |a Printed language | ||
| 980 | |a Mạng thư viện Đại học Đà Nẵng | ||


